| 000 | 00515 a2200169 4500 | ||
|---|---|---|---|
| 999 |
_c41657 _d41657 |
||
| 003 | OSt | ||
| 005 | 20221031152343.0 | ||
| 008 | 221031b ||||| |||| 00| 0 eng d | ||
| 020 | _a9781259062704 | ||
| 040 | _cOCLC | ||
| 082 |
_a621.56 _bANA/B |
||
| 100 |
_99195 _aAnanthanarayanan, P. N |
||
| 245 |
_aBasic refrigeration and air conditioning / _cAnanthanarayanan, P. N |
||
| 260 |
_aChennai: _bMcgraw hill, _c2019. |
||
| 300 | _a738 pages | ||
| 942 |
_2ddc _cBK _h621.56 _iANA/B _k621.56 _mANA/B |
||